000 005010000a22001930004500
020 _a84-8267-155-3
041 0 _aSPA
082 0 4 _aG 234.9 A4549p
100 1 _aAlonzo Carias, Ignacio
245 1 0 _aLa Predestinación / Ignacio Alonzo Carias
260 _aTerrassa, Barcelona, España : CLIE
300 _a173 Pag
650 1 4 _aPREDESTINACION
001 4335
942 _cBK
999 _c34943
_d34943
336 _atexto
_btxt
_2rdacontent
337 _2rdamedia
_asin mediación
_bn
338 _2rdacarrier
_avolumen
_bnc